Zvukové nahrávky
Uloženo v:
LEADER 02137njm a2200493 a 4500
001 000196754
003 CZ BrMZK
005 20201030135959.0
008 950101s1978 xr f cze d
028 0 1 |a 3295-2-211  |b Supraphon 
040 |a BOA001  |b cze 
080 |a 784.1.087.683(086.7)  |2 MRF 
080 |a 784.1.087.684(086.7)  |2 MRF 
080 |a 784.1 .087.682(086.7)  |2 MRF 
100 1 |a Janáček, Leoš,  |d 1854-1928  |7 jk01050745  |4 cmp 
245 1 0 |a Hradčany songs and other choruses  |h [zvukový záznam] /  |c [Leoš] Janáček. 
246 3 3 |a Říkadla 
246 3 3 |a Hradčanské písničky 
246 3 3 |a Kašpar Rucký 
246 3 3 |a Vlčí stopa 
246 3 3 |a Čtveřice mužských sborů moravských 
260 |a Praha :  |b Supraphon Records,  |c p1975, 1978 
300 |a 1 CD :  |b AAD ;  |c 12 cm +  |e 1 brožura (14 s.). 
306 |a 010323 
500 |a Nahr. 1972, 1977 
500 |a Durata 63:23 
500 |a Text v brožuře též angl., něm. a franc. - Názvy skladeb též angl. 
505 2 |a Hradčanské písničky, Vlčí stopa, Říkadla ... [et al.] 
511 0 |a Marcela Machotková, soprán; Eva Děpoltová, soprán; Miroslav Švejda, tenor ... [et al.]. Česká filharmonie, Pražský filharmonický sbor, sbormistr Josef Veselka 
653 0 |a mužské sbory  |a smíšené sbory  |a soprán  |a tenor  |a ženské sbory 
700 1 |a Machotková, Marcela,  |d 1931-2021  |7 pna2006362696  |4 prf 
700 1 |a Veselka, Josef,  |d 1910-1992  |7 jk01142103  |4 cnd 
700 1 |a Švejda, Miroslav,  |d 1939-2024  |7 jn99240001669  |4 prf 
700 1 |a Čech, František Ringo,  |d 1943-  |7 jn19990209112 
700 1 |a Děpoltová, Eva,  |d 1945-2017  |7 jn99240000187  |4 prf 
700 1 |a Jílek, Zdeněk,  |d 1919-1999  |7 jk01051705  |4 prf 
710 2 |a Pražský filharmonický sbor  |7 kn20010710280  |4 prf 
710 2 |a Česká filharmonie  |7 kn20010710169  |4 prf 
910 |a BOA001  |b CD-0004.558 
964 |a Sbory mužské a cappella  |x CD 
964 |a Sbory smíšené s doprovodem  |x CD 
964 |a Sbory ženské a cappella  |x CD 
990 |a AV 
996 6 |b 261H004573  |c CD-0004.558  |l MZK  |r Sklad / do 24 hodin  |n 0  |p p.v.  |w 000196754  |u 000010  |a 1  |e BOA001  |j MZK50  |s P